000 00698nas a2200229 4500
001 BR8905093
003 BR-BrBNA
005 20231205091736.0
007 ta
008 230509b bl.|||p| |||| 00| 00por d
040 _aBR-BrBNA
_bpor
_cBiblioteca Nacional de Agricultura
041 _a(Pt)
072 _aE21
100 1 _aRamos, P.
100 1 _aBelik, W.
245 1 _aIntervencao estatal e a agroindustria canavieira no Brasil
650 _aINDUSTRIA AGRICOLA
650 _aCANA DE ACUCAR
773 0 _tRevista de Economia e Sociologia Rural (Brazil)
_xISSN 0103-2003
_g(Apr-Jun 1989), v. 27(2) p. 197-214
_wBR8905093
909 _a202311
_bLúcia
_c55
_dLúcia Elande
942 _2AGRIS
_n0
_cANA
999 _c127044
_d127044